[Event "Rated Blitz game"]
[Site "?"]
[Date "2021.01.21"]
[Round "?"]
[White "kintoho"]
[Black "Schachelite"]
[Result "1/2-1/2"]
[WhiteElo "2462"]
[BlackElo "2417"]
[PlyCount "133"]
[EventDate "2021.??.??"]
[EventType "blitz"]

1. e4 e5 2. Nf3 d5 3. d4 dxe4 4. Nxe5 Bd6 5. Nc4 Nf6 6. Nxd6+ Qxd6 7. h3 O-O 8.
Nc3 Nc6 9. Be3 a6 10. Be2 b5 11. O-O b4 12. Na4 Bf5 13. Nc5 a5 14. c4 bxc3 15.
bxc3 Nd5 16. c4 Nc3 17. Qc2 Nxe2+ 18. Qxe2 Nxd4 19. Bxd4 Qxd4 20. Qe3 Qxc4 21.
Rac1 Qxa2 22. Rfd1 Rfd8 23. g4 Rxd1+ 24. Rxd1 Bg6 25. Qc3 a4 26. Qd4 h6 27. h4
h5 28. gxh5 Bxh5 29. Ra1 Qc2 30. Nxe4 Qc6 31. Ra3 Qc1+ 32. Kh2 Qxa3 33. Qd5 Re8
34. Ng3 Bg4 35. Qc6 Qe7 36. Qxa4 Qe1 37. Kg2 c5 38. h5 Bxh5 39. Nxh5 Qe4+ 40.
Qxe4 Rxe4 41. Ng3 Re8 42. Kf3 c4 43. Ne4 f5 44. Nc3 g5 45. Nd5 Kf7 46. Ne3
Rxe3+ 47. Kxe3 Ke6 48. Kd4 Kd6 49. Kxc4 Ke5 50. Kd3 Kf4 51. Ke2 Ke4 52. f3+ Kf4
53. Kf2 Ke5 54. Ke3 Kd5 55. Kd3 Ke5 56. Ke3 Kf6 57. Kf2 Kg6 58. Kg3 Kh5 59. Kh3
Kg6 60. Kg3 Kf6 61. Kf2 Ke6 62. Ke2 Kd5 63. Kd3 Kc5 64. Kc3 Kb5 65. Kd3 Kc5 66.
Kc3 Kd5 67. Kd3 {Normal} 1/2-1/2

[Event "Rated Blitz tournament 1xu25pzM"]
[Site "?"]
[Date "2021.01.21"]
[Round "?"]
[White "Tuzibaba"]
[Black "Henrik_95"]
[Result "0-1"]
[WhiteElo "2502"]
[BlackElo "2379"]
[PlyCount "26"]
[EventDate "2021.??.??"]
[EventType "blitz"]

1. e4 e5 2. Nf3 d5 3. exd5 e4 4. Qe2 Nf6 5. d3 Qxd5 6. Nbd2 Nc6 7. Nxe4 Be6 8.
Bg5 Be7 9. Nc3 Qa5 10. Bd2 O-O-O 11. g3 Bg4 12. Bg2 Nd4 13. Qd1 Qh5 {Normal}
0-1

[Event "Rated Blitz game"]
[Site "?"]
[Date "2021.01.21"]
[Round "?"]
[White "Prima89"]
[Black "Schachelite"]
[Result "1/2-1/2"]
[WhiteElo "2550"]
[BlackElo "2404"]
[PlyCount "101"]
[EventDate "2021.??.??"]
[EventType "blitz"]

1. e4 e5 2. Nf3 d5 3. exd5 e4 4. Ne5 Qxd5 5. d4 exd3 6. Nxd3 Bf5 7. Nc3 Qe6+ 8.
Qe2 Nc6 9. Bg5 Be7 10. Bxe7 Ngxe7 11. Qxe6 Bxe6 12. Nc5 O-O-O 13. Nxe6 fxe6 14.
Bd3 Nb4 15. Be4 Ned5 16. Nxd5 exd5 17. Bf5+ Kb8 18. a3 Rhe8+ 19. Kd2 Rf8 20.
axb4 Rxf5 21. f3 Re5 22. Rae1 Rde8 23. Rxe5 Rxe5 24. Kd3 c6 25. h4 Kc7 26. Rh3
Kd6 27. Rg3 g6 28. Rg4 Ke6 29. b3 b6 30. c4 dxc4+ 31. bxc4 a5 32. bxa5 Rxa5 33.
Re4+ Re5 34. Rf4 Rf5 35. Rd4 b5 36. Rd8 bxc4+ 37. Kxc4 c5 38. Rh8 Rf4+ 39. Kxc5
Rxh4 40. Re8+ Kf5 41. Kd5 Kf4 42. Re2 Rh5+ 43. Ke6 Rf5 44. Re4+ Kg3 45. Rg4+
Kf2 46. Ke7 Rh5 47. Kf6 Rh2 48. Kg7 Rxg2 49. Rxg2+ Kxg2 50. Kxh7 Kxf3 51. Kxg6
{Normal} 1/2-1/2

[Event "Rated Blitz tournament Resbppvk"]
[Site "?"]
[Date "2021.01.21"]
[Round "?"]
[White "RaceRedPony"]
[Black "DarthZannah"]
[Result "0-1"]
[WhiteElo "2347"]
[BlackElo "2495"]
[PlyCount "74"]
[EventDate "2021.??.??"]
[EventType "blitz"]

1. e4 e5 2. Nf3 d5 3. Nxe5 dxe4 4. d4 Nd7 5. Bf4 Nxe5 6. Bxe5 Nf6 7. Nc3 Bf5 8.
Bc4 Bd6 9. h3 O-O 10. Qe2 Re8 11. g4 Bg6 12. O-O-O Qe7 13. Bxf6 Qxf6 14. Nd5
Qd8 15. h4 h6 16. Kb1 c6 17. Ne3 b5 18. Bb3 a5 19. a4 Rb8 20. Ka2 Qb6 21. h5
bxa4 22. hxg6 axb3+ 23. cxb3 Qxb3+ 24. Ka1 fxg6 25. Qc4+ Kh7 26. Qxb3 Rxb3 27.
Rc1 Rc8 28. Rc4 Bf4 29. Rhc1 Bxe3 30. fxe3 Rxe3 31. d5 c5 32. Rxc5 Rxc5 33.
Rxc5 Rd3 34. Rc4 e3 35. Re4 Rxd5 36. Rxe3 h5 37. gxh5 gxh5 {Normal} 0-1

[Event "Rated Blitz tournament B26758xB"]
[Site "?"]
[Date "2021.01.21"]
[Round "?"]
[White "timatima"]
[Black "Vladislav89"]
[Result "0-1"]
[WhiteElo "2245"]
[BlackElo "2440"]
[PlyCount "156"]
[EventDate "2021.??.??"]
[EventType "blitz"]

1. e4 e5 2. Nf3 d5 3. exd5 e4 4. Ng1 Qxd5 5. Nc3 Qe5 6. Nge2 Nf6 7. d4 exd3 8.
Qxd3 Bf5 9. Qe3 Nc6 10. Qxe5+ Nxe5 11. Nd4 Bg6 12. Bf4 Nfd7 13. O-O-O O-O-O 14.
Ndb5 a6 15. Na7+ Kb8 16. Bxe5 f6 17. Bg3 Bc5 18. Nab5 axb5 19. Nxb5 Bb6 20. b4
Ne5 21. Be2 h5 22. a4 h4 23. Bf4 Bxf2 24. a5 c6 25. Rdf1 Bd4 26. Nxd4 Rxd4 27.
c3 Re4 28. Rf2 Re8 29. Rd1 Ka7 30. g3 hxg3 31. hxg3 Re7 32. Rh1 Nc4 33. Bd3
Rxf4 34. Rxf4 Bxd3 35. Rd4 Ne5 36. Re1 Rd7 37. Rxe5 Rxd4 38. Re3 Rd7 39. Kd2
Bc4+ 40. Kc2 b6 41. axb6+ Kxb6 42. Rf3 Ra7 43. Rf4 Be6 44. Kd3 Ra2 45. Rf3 Rg2
46. Re3 Bd5 47. c4 Bg8 48. Kc3 Bh7 49. Kd4 Rd2+ 50. Kc3 Rc2+ 51. Kb3 Rc1 52.
Kb2 Rc2+ 53. Kb3 Rh2 54. Kc3 Bb1 55. Re1 Bf5 56. Re3 Bg4 57. Kd4 Rg2 58. Ke4
f5+ 59. Ke5 c5 60. b5 Rc2 61. Kd5 Rd2+ 62. Ke5 Rd4 63. Rc3 Be2 64. Kxf5 Bxc4
65. Kg6 Bxb5 66. Kxg7 c4 67. Kf6 Rd3 68. Rxc4 Bxc4 69. g4 Rf3+ 70. Ke5 Kc5 71.
g5 Rg3 72. Kf4 Rg1 73. Kf5 Bd3+ 74. Kf6 Kd6 75. g6 Rxg6+ 76. Kf7 Be4 77. Kf8
Ke6 78. Ke8 Rg8# {Normal} 0-1

[Event "Rated Blitz game"]
[Site "?"]
[Date "2021.01.21"]
[Round "?"]
[White "StoreySniper"]
[Black "ahoramahora"]
[Result "0-1"]
[WhiteElo "2417"]
[BlackElo "2246"]
[PlyCount "120"]
[EventDate "2021.??.??"]
[EventType "blitz"]

1. e4 e5 2. Nf3 d5 3. Nxe5 Bd6 4. d4 dxe4 5. Nc4 Nf6 6. Nxd6+ Qxd6 7. Be3 O-O
8. c3 c5 9. Nd2 cxd4 10. Nc4 Qe7 11. Qxd4 Nc6 12. Qc5 Qxc5 13. Bxc5 Re8 14.
O-O-O Bg4 15. Rd2 Rad8 16. Nd6 Re6 17. h3 Bh5 18. g4 Bg6 19. g5 Ne8 20. Nxe8
Rexe8 21. Bb5 Rxd2 22. Kxd2 Rd8+ 23. Ke3 Ne5 24. Bxa7 Ra8 25. Bd4 Nf3 26. a4
Nxg5 27. h4 Ne6 28. h5 Nxd4 29. Kxd4 Bf5 30. h6 gxh6 31. Rxh6 Bg6 32. Ke5 Rd8
33. b4 Rd2 34. a5 Rxf2 35. Kd4 Rd2+ 36. Ke3 Rc2 37. c4 Rb2 38. Kd4 Rxb4 39. Kc5
Rb1 40. Kb6 e3 41. Rh2 Be4 42. Rh4 Bc6 43. Rh2 f5 44. Kc5 Bxb5 45. cxb5 f4 46.
Kd4 Rxb5 47. Ke4 Rb4+ 48. Kf3 Ra4 49. Rb2 Rxa5 50. Kxf4 Ra3 51. Rxb7 e2 52. Re7
Ra2 53. Kf3 h5 54. Rxe2 Ra3+ 55. Kf4 Kg7 56. Kg5 Ra5+ 57. Kh4 Kg6 58. Re6+ Kf5
59. Rh6 Ra4+ 60. Kxh5 Ra1 {Time forfeit} 0-1

[Event "Rated Blitz tournament 1xu25pzM"]
[Site "?"]
[Date "2021.01.21"]
[Round "?"]
[White "Frutek"]
[Black "Henrik_95"]
[Result "0-1"]
[WhiteElo "2445"]
[BlackElo "2383"]
[PlyCount "86"]
[EventDate "2021.??.??"]
[EventType "blitz"]

1. e4 e5 2. Nf3 d5 3. exd5 e4 4. Qe2 Nf6 5. d3 Qxd5 6. Nbd2 Nc6 7. Nxe4 Be6 8.
Nxf6+ gxf6 9. Qe4 Qd7 10. Bf4 O-O-O 11. O-O-O Bxa2 12. Qa4 Be6 13. d4 Bd5 14.
Bb5 Rg8 15. Bxc6 Qxc6 16. Qxa7 Rxg2 17. Rd3 Bb4 18. Rhd1 Rxf2 19. Bd2 Bxf3 20.
d5 Qc5 21. Qa8+ Kd7 22. Qa4+ b5 23. Qxb4 Qxb4 24. Bxb4 Bxd1 25. Rxd1 Rxh2 26.
Bc3 Rf2 27. b3 Rf5 28. d6 cxd6 29. Rh1 Kc6 30. Kb2 h5 31. Rh4 d5 32. Bb4 d4 33.
Rh1 d3 34. cxd3 Rxd3 35. Rc1+ Kd5 36. Rc5+ Ke4 37. Rc7 Rf2+ 38. Ka3 Rff3 39.
Re7+ Kf5 40. Bd6 Rxb3+ 41. Ka2 Rbd3 42. Bc5 Rd2+ 43. Kb1 Rf1+ {Normal} 0-1

[Event "Rated Blitz tournament Resbppvk"]
[Site "?"]
[Date "2021.01.21"]
[Round "?"]
[White "RaceRedPony"]
[Black "DarthZannah"]
[Result "0-1"]
[WhiteElo "2329"]
[BlackElo "2483"]
[PlyCount "58"]
[EventDate "2021.??.??"]
[EventType "blitz"]

1. e4 e5 2. Nf3 d5 3. Nxe5 dxe4 4. d4 Nd7 5. Nxd7 Bxd7 6. Bc4 Bd6 7. O-O Nf6 8.
Re1 O-O 9. Nd2 Re8 10. Nf1 Bg4 11. Be2 Qd7 12. Be3 Rad8 13. c3 Bxe2 14. Qxe2
Nd5 15. c4 Nb4 16. Qh5 Nd3 17. Re2 f5 18. Bg5 Be7 19. d5 Bxg5 20. Qxg5 Qf7 21.
Rd1 Rd6 22. b3 Ne5 23. Ng3 f4 24. Nh5 Nf3+ 25. gxf3 Rg6 26. Qxg6 Qxg6+ 27. Ng3
fxg3 28. hxg3 exf3 29. Rxe8+ Qxe8 {Normal} 0-1

[Event "Rated Blitz tournament 1xu25pzM"]
[Site "?"]
[Date "2021.01.21"]
[Round "?"]
[White "jvj309"]
[Black "Henrik_95"]
[Result "0-1"]
[WhiteElo "2415"]
[BlackElo "2372"]
[PlyCount "88"]
[EventDate "2021.??.??"]
[EventType "blitz"]

1. e4 e5 2. Nf3 d5 3. exd5 e4 4. Qe2 Nf6 5. d3 Qxd5 6. Nfd2 Nc6 7. Nc3 Qa5 8.
Ndxe4 Be6 9. Nxf6+ gxf6 10. Be3 O-O-O 11. Qd2 Bb4 12. a3 Rhg8 13. Rd1 Be7 14.
Ne4 Qa4 15. g3 f5 16. Nc3 Qa5 17. Bg2 h5 18. h4 Ne5 19. Bf4 Nc4 20. Qc1 Nb6 21.
O-O Bd7 22. b4 Qa6 23. Rfe1 Bxh4 24. b5 Bxb5 25. Nxb5 Qxb5 26. gxh4 Qc6 27. Bg3
Qg6 28. Qf4 Rd7 29. Re5 Qg4 30. Rde1 Qxf4 31. Bxf4 f6 32. Re7 Rxe7 33. Rxe7 Na8
34. Kf1 Kd8 35. Rh7 Re8 36. Bxb7 Re7 37. Rh8+ Kd7 38. Bxa8 Rg7 39. Bb7 Ke7 40.
Bc8 Kf7 41. Bxc7 Kg6 42. Bd8 Rh7 43. Rg8+ Rg7 44. Rf8 Rf7 {Time forfeit} 0-1

[Event "Rated Rapid game"]
[Site "?"]
[Date "2021.01.21"]
[Round "?"]
[White "lumpiasmg1290"]
[Black "vitvolrapid"]
[Result "1-0"]
[WhiteElo "2349"]
[BlackElo "2534"]
[PlyCount "70"]
[EventDate "2021.??.??"]
[EventType "rapid"]

1. e4 e5 2. Nf3 d5 3. exd5 e4 4. Qe2 Be7 5. Nd4 Qxd5 6. c3 Nf6 7. Qb5+ Qxb5 8.
Bxb5+ Bd7 9. O-O Bxb5 10. Nxb5 Na6 11. b4 c6 12. Nd4 O-O-O 13. a4 Nxb4 14. Nf5
Nd3 15. Nxe7+ Kd7 16. Nf5 g6 17. Ne3 h5 18. h3 g5 19. Na3 Rdg8 20. g3 Nd5 21.
Nac2 Ke6 22. Nd4+ Ke5 23. Nc4+ Kf6 24. Nd6 c5 25. Ne2 Ke5 26. Nxf7+ Kf5 27.
Nxh8 Rxh8 28. Rb1 b6 29. a5 Rh6 30. axb6 axb6 31. Rb5 Nc7 32. Rb1 Ke5 33. c4
Rf6 34. Bb2+ Nxb2 35. Rxb2 Rf3 {Normal} 1-0

[Event "Rated Blitz game"]
[Site "?"]
[Date "2021.01.21"]
[Round "?"]
[White "Shevizuki"]
[Black "philip_simon_din"]
[Result "1-0"]
[WhiteElo "2394"]
[BlackElo "2405"]
[PlyCount "103"]
[EventDate "2021.??.??"]
[EventType "blitz"]

1. e4 e5 2. Nf3 d5 3. exd5 e4 4. Nd4 Qxd5 5. Nb3 Nc6 6. Nc3 Qe6 7. Be2 f5 8.
O-O Bd6 9. d4 Qf7 10. f3 e3 11. Bxe3 Nf6 12. Qd2 O-O 13. Rfe1 Qh5 14. f4 Ng4
15. h3 Qh4 16. hxg4 fxg4 17. Bc4+ Kh8 18. g3 Qxg3+ 19. Qg2 Qh4 20. Ne4 Bf5 21.
Ng5 g3 22. Rf1 Rae8 23. Rf3 Rxe3 24. Rxe3 Bxf4 25. Nf7+ Kg8 26. Rf3 Rxf7 27.
Bxf7+ Kxf7 28. Raf1 g5 29. Rxg3 Kg6 30. Rgf3 Kf6 31. c3 h5 32. Nd2 Qg4 33. Qxg4
hxg4 34. Rxf4 gxf4 35. Rxf4 Kg5 36. Rf1 Ne7 37. Re1 Nd5 38. Ne4+ Kf4 39. Nf2
Ne3 40. Re2 g3 41. Nh1 Kf3 42. Re1 Be4 43. Nxg3 Kg4 44. Nxe4 Kf4 45. Rxe3 Kxe3
46. Nc5 b6 47. Nb3 Kd3 48. Kg2 Kc2 49. d5 Kxb2 50. c4 Kxa2 51. d6 Kxb3 52. d7 {
Time forfeit} 1-0

[Event "Rated Blitz tournament qbkrKlaJ"]
[Site "?"]
[Date "2021.01.21"]
[Round "?"]
[White "sapber"]
[Black "Herabi"]
[Result "1-0"]
[WhiteElo "2462"]
[BlackElo "2358"]
[PlyCount "135"]
[EventDate "2021.??.??"]
[EventType "blitz"]

1. e4 e5 2. Nf3 d5 3. Nxe5 Bd6 4. d4 dxe4 5. Nc4 Nf6 6. Nc3 h6 7. Nxd6+ Qxd6 8.
h3 O-O 9. Be3 Nc6 10. Qd2 Nb4 11. Bc4 Be6 12. Nb5 Qe7 13. Bxe6 fxe6 14. O-O
Rad8 15. a3 Nc6 16. Rad1 e5 17. Qc3 a6 18. dxe5 axb5 19. exf6 Rxf6 20. Qb3+ Kh7
21. Qxb5 Rg6 22. Rxd8 Qxd8 23. Qf5 Qf6 24. Qxe4 Qxb2 25. h4 Qe5 26. Qd3 Qh5 27.
g3 Ne5 28. Qe4 Nf3+ 29. Kh1 Ne5 30. Rb1 b6 31. Rb5 Qd1+ 32. Kg2 Ng4 33. h5
Nxe3+ 34. Qxe3 Rf6 35. Qe4+ Kg8 36. Re5 Qd6 37. Re8+ Rf8 38. Rxf8+ Qxf8 39.
Qc4+ Kh8 40. Qxc7 b5 41. Qb7 Qf5 42. Qf3 Qxc2 43. Qf8+ Kh7 44. Qf3 Kh8 45. g4
Qc5 46. Kg3 Qd6+ 47. Kg2 Qc5 48. Qe3 Qd5+ 49. f3 Qa2+ 50. Kg3 Qd5 51. Qe8+ Kh7
52. Qe4+ Qxe4 53. fxe4 Kg8 54. Kf4 Kf7 55. Ke5 g6 56. hxg6+ Kxg6 57. Kd5 Kg5
58. e5 Kxg4 59. e6 h5 60. e7 h4 61. e8=Q h3 62. Qxb5 h2 63. Qf1 Kg3 64. Qh1 Kh3
65. Ke4 Kg3 66. Ke3 Kh3 67. Kf4 Kh4 68. Qxh2# {Normal} 1-0

[Event "Rated Blitz tournament 1xu25pzM"]
[Site "?"]
[Date "2021.01.21"]
[Round "?"]
[White "ANIMAL1984"]
[Black "Maltinho"]
[Result "0-1"]
[WhiteElo "2475"]
[BlackElo "2563"]
[PlyCount "118"]
[EventDate "2021.??.??"]
[EventType "blitz"]

1. e4 e5 2. Nf3 d5 3. Nxe5 Bd6 4. d4 dxe4 5. Nc4 Nf6 6. Nc3 O-O 7. Ne3 Nc6 8.
h3 Re8 9. a3 a6 10. Bc4 b5 11. Bb3 Na5 12. Ba2 Qe7 13. Ncd5 Nxd5 14. Nxd5 Qh4
15. Ne3 Nc6 16. c3 Ne7 17. Qe2 Ng6 18. g3 Qe7 19. h4 h6 20. h5 Nf8 21. Nd5 Qd8
22. Ne3 c6 23. Bd2 Be6 24. Bxe6 Nxe6 25. Nf5 Bf8 26. Qg4 Kh8 27. O-O c5 28. Be3
Qd5 29. Rad1 c4 30. Rfe1 Rac8 31. Bc1 Nc7 32. Re2 Re6 33. Rde1 Rce8 34. Bf4 Na8
35. Be5 f6 36. Bf4 Nb6 37. Nh4 Nd7 38. Ng6+ Kh7 39. Bc1 f5 40. Qh3 Rxg6 41.
hxg6+ Kxg6 42. f3 Nf6 43. g4 fxg4 44. fxg4 Bd6 45. Be3 Bb8 46. Rg2 Nh7 47. g5
Nxg5 48. Rf1 Re6 49. Qh4 Rf6 50. Rxf6+ gxf6 51. Qf2 Kf7 52. Bxg5 hxg5 53. Qe2
Qf5 54. Qh5+ Qg6 55. Qg4 Bf4 56. Qd7+ Kg8 57. Qd8+ Kg7 58. Qd7+ Qf7 59. Qf5 e3
{Time forfeit} 0-1

[Event "Rated Blitz tournament xeCDPv0H"]
[Site "?"]
[Date "2021.01.21"]
[Round "?"]
[White "PowerThinking2650"]
[Black "Mettigel"]
[Result "0-1"]
[WhiteElo "2356"]
[BlackElo "2472"]
[PlyCount "66"]
[EventDate "2021.??.??"]
[EventType "blitz"]

1. e4 e5 2. Nf3 d5 3. Nc3 d4 4. Ne2 Bd6 5. Ng3 h5 6. h4 g6 7. Bc4 Qe7 8. d3 f6
9. c3 c5 10. O-O Nc6 11. a3 Be6 12. cxd4 cxd4 13. Bxe6 Qxe6 14. b4 Nge7 15. Bd2
g5 16. hxg5 h4 17. Ne2 a6 18. Rb1 Nd8 19. gxf6 Qxf6 20. b5 a5 21. b6 Ndc6 22.
Rb5 Kd7 23. Qb3 Rag8 24. Rc1 Qxf3 25. Ng3 Qf6 26. Nf5 Nxf5 27. exf5 Qxf5 28.
Rd5 Qg6 29. Kf1 Qxg2+ 30. Ke2 Qg4+ 31. Ke1 h3 32. Rcc5 Qe6 33. Rxd6+ Kxd6 {
Normal} 0-1

[Event "Rated Blitz tournament 1xu25pzM"]
[Site "?"]
[Date "2021.01.21"]
[Round "?"]
[White "Anti31"]
[Black "Maltinho"]
[Result "0-1"]
[WhiteElo "2362"]
[BlackElo "2572"]
[PlyCount "132"]
[EventDate "2021.??.??"]
[EventType "blitz"]

1. e4 e5 2. Nf3 d5 3. d4 dxe4 4. Nxe5 Bd6 5. Nc4 Nf6 6. Bg5 h6 7. Bh4 O-O 8.
Ne3 Nc6 9. Be2 Re8 10. c3 Bd7 11. Nd2 a6 12. Ndc4 Bf8 13. O-O b5 14. Nd2 g5 15.
Bg3 Bg7 16. a4 b4 17. Ndc4 bxc3 18. bxc3 Be6 19. a5 Nd5 20. Nxd5 Bxd5 21. Ne3
Ne7 22. Bg4 Bc6 23. Re1 Bd7 24. Bxd7 Qxd7 25. Nc4 Ng6 26. Qa4 Qd5 27. Ne3 Qe6
28. d5 Qc8 29. Qc6 Ne5 30. Bxe5 Rxe5 31. Rab1 Bf8 32. Ng4 Rf5 33. Rxe4 Rb8 34.
Rbe1 Qb7 35. Nxh6+ Bxh6 36. Qxh6 Qb5 37. c4 Qd7 38. h4 Rf8 39. hxg5 Qd6 40. Qh3
Rxg5 41. Rh4 Qf6 42. Re3 Rb8 43. Rg3 Rg6 44. Rxg6+ fxg6 45. Qe6+ Qxe6 46. dxe6
Kg7 47. Re4 Kf8 48. e7+ Ke8 49. Re6 Rb4 50. Rxg6 Kxe7 51. Rxa6 Rxc4 52. g3 Ra4
53. Kg2 Kd7 54. f4 c5 55. f5 c4 56. Ra7+ Ke8 57. Kh3 c3 58. g4 c2 59. Rc7 Ra2
60. Kh4 Kd8 61. Rc3 Kd7 62. Kg5 Kd6 63. Rc8 Kd5 64. f6 Rxa5 65. Rxc2 Ke6+ 66.
Kg6 Ra4 {Time forfeit} 0-1

[Event "Rated Blitz game"]
[Site "?"]
[Date "2021.01.21"]
[Round "?"]
[White "Frundsberg1"]
[Black "Sisyphus_64"]
[Result "0-1"]
[WhiteElo "2319"]
[BlackElo "2440"]
[PlyCount "48"]
[EventDate "2021.??.??"]
[EventType "blitz"]

1. e4 e5 2. Nf3 d5 3. Nc3 d4 4. Ne2 Nc6 5. c3 d3 6. Ng3 f5 7. exf5 e4 8. Nxe4
Bxf5 9. Qa4 b5 10. Qxb5 Bxe4 11. Nd4 Rb8 12. Nxc6 Rxb5 13. Nxd8 Kxd8 14. f3 Bg6
15. b4 Nf6 16. a4 Re5+ 17. Kf2 Bd6 18. Bb2 Rf8 19. Kg1 Rfe8 20. Kf2 Re2+ 21.
Bxe2 Rxe2+ 22. Kf1 Rxd2 23. Bc1 Rd1+ 24. Kf2 Rxh1 {Normal} 0-1

[Event "Rated Blitz game"]
[Site "?"]
[Date "2021.01.20"]
[Round "?"]
[White "azat_ataev"]
[Black "Maltinho"]
[Result "1-0"]
[WhiteElo "2592"]
[BlackElo "2568"]
[PlyCount "56"]
[EventDate "2021.??.??"]
[EventType "blitz"]

1. e4 e5 2. Nf3 d5 3. exd5 Bd6 4. d4 e4 5. Ne5 Nf6 6. Bb5+ c6 7. dxc6 bxc6 8.
Ba4 O-O 9. O-O Nbd7 10. Bxc6 Rb8 11. Nxd7 Nxd7 12. Bxe4 Qh4 13. f4 Nf6 14. g3
Qh6 15. f5 Qh3 16. Bg2 Qg4 17. Qxg4 Nxg4 18. c4 Ba6 19. b3 Rfe8 20. Nc3 Ne3 21.
Bxe3 Rxe3 22. Nd5 Re2 23. c5 Bf8 24. Rf2 Rbe8 25. Rxe2 Rxe2 26. Bf3 Rc2 27. Re1
f6 28. Nc7 g6 {Normal} 1-0

[Event "Rated Blitz tournament XRU6xzIt"]
[Site "?"]
[Date "2021.01.20"]
[Round "?"]
[White "PrinceMurad09"]
[Black "Grimlock_Glasgow"]
[Result "0-1"]
[WhiteElo "2521"]
[BlackElo "2568"]
[PlyCount "56"]
[EventDate "2021.??.??"]
[EventType "blitz"]

1. e4 e5 2. Nf3 d5 3. Nxe5 Bd6 4. d4 dxe4 5. Qe2 Nf6 6. Nc3 O-O 7. Bg5 Bb4 8.
O-O-O Bxc3 9. bxc3 Re8 10. h4 Nc6 11. h5 h6 12. Bh4 Qd6 13. Nc4 Qe6 14. f3 Nd5
15. Be1 e3 16. g3 b5 17. Nb2 b4 18. c4 Nc3 19. Bxc3 bxc3 20. Na4 Qe7 21. c5 Nb4
22. Nxc3 Ba6 23. Qe1 e2 24. Bxe2 Bxe2 25. Nxe2 Nxa2+ 26. Kb2 Rab8+ 27. Kxa2
Qe6+ 28. Ka1 Qa6+ {Normal} 0-1

[Event "Rated Blitz game"]
[Site "?"]
[Date "2021.01.20"]
[Round "?"]
[White "Mandarin-04"]
[Black "Trompatzer"]
[Result "1-0"]
[WhiteElo "2452"]
[BlackElo "2348"]
[PlyCount "47"]
[EventDate "2021.??.??"]
[EventType "blitz"]

1. e4 e5 2. Nf3 d5 3. d4 dxe4 4. Nxe5 Bd6 5. Nc4 Nf6 6. Be2 O-O 7. O-O h6 8.
Nxd6 Qxd6 9. c4 Nc6 10. Be3 Bf5 11. Nc3 Rad8 12. Nb5 Qd7 13. d5 Ne5 14. Nd4 Bh7
15. Qb3 Nfg4 16. h3 Nxe3 17. fxe3 f5 18. Ne6 Qe7 19. Nxd8 Qxd8 20. Qxb7 Qg5 21.
Qxa7 f4 22. exf4 Rxf4 23. Rxf4 Qxf4 24. Rf1 {Normal} 1-0

[Event "Rated Blitz game"]
[Site "?"]
[Date "2021.01.20"]
[Round "?"]
[White "royer1"]
[Black "Tayota"]
[Result "1/2-1/2"]
[WhiteElo "2404"]
[BlackElo "2371"]
[PlyCount "88"]
[EventDate "2021.??.??"]
[EventType "blitz"]

1. e4 e5 2. Nf3 d5 3. d4 dxe4 4. Nxe5 Bd6 5. Nc4 Nf6 6. Nc3 h6 7. Nxd6+ cxd6 8.
d5 O-O 9. Be2 Bf5 10. Be3 Nbd7 11. Bd4 a6 12. a4 Rc8 13. O-O Qe7 14. Qd2 Ne5
15. Qf4 Bg6 16. Bxe5 dxe5 17. Qe3 Rxc3 18. Qxc3 Nxd5 19. Qd2 Nf4 20. g3 Rd8 21.
Qe3 Nd5 22. Qb3 Nf6 23. Rad1 Rc8 24. c3 h5 25. Qb6 Kh7 26. Qd6 Qe8 27. Rd2 h4
28. Rfd1 hxg3 29. hxg3 Rc6 30. Qd8 Qe6 31. Kg2 Bh5 32. Rh1 g6 33. Bxh5 gxh5 34.
Rh4 Kg6 35. Qh8 Qf5 36. Rd8 Qf3+ 37. Kg1 e3 38. Rg8+ Kf5 39. fxe3 Qxe3+ 40. Kh2
Qf2+ 41. Kh3 Qf1+ 42. Kh2 Qf2+ 43. Kh3 Qf1+ 44. Kh2 Qf2+ {Normal} 1/2-1/2

[Event "Rated Blitz tournament KlDRbgsK"]
[Site "?"]
[Date "2021.01.20"]
[Round "?"]
[White "Albertoborea72"]
[Black "khalid_ontawar"]
[Result "1-0"]
[WhiteElo "2435"]
[BlackElo "2236"]
[PlyCount "47"]
[EventDate "2021.??.??"]
[EventType "blitz"]

1. e4 e5 2. Nf3 d5 3. d4 dxe4 4. Nxe5 Be6 5. Nc3 Nf6 6. Bg5 Be7 7. Bxf6 gxf6 8.
Nc4 Bb4 9. Ne3 Rg8 10. d5 Bd7 11. Qd4 Bxc3+ 12. Qxc3 c6 13. O-O-O Qe7 14. Qb3
Bc8 15. Bc4 a5 16. d6 Qd7 17. Qb6 Na6 18. a3 Rg5 19. h4 Re5 20. Rh3 Kf8 21. Rg3
Nc5 22. Ng4 Rf5 23. Nh6 Na4 24. Rg8# {Normal} 1-0

[Event "Rated Blitz game"]
[Site "?"]
[Date "2021.01.20"]
[Round "?"]
[White "SeanGarnier"]
[Black "zzZ0Zzz"]
[Result "1-0"]
[WhiteElo "2289"]
[BlackElo "2429"]
[PlyCount "49"]
[EventDate "2021.??.??"]
[EventType "blitz"]

1. e4 e5 2. Nf3 d5 3. Nxe5 dxe4 4. Qe2 Nf6 5. Nc3 Qd4 6. Nf3 Qb4 7. d3 Bf5 8.
a3 Qe7 9. Nd4 Bg6 10. Be3 exd3 11. cxd3 Nbd7 12. O-O-O O-O-O 13. g3 Ne5 14. f4
Bh5 15. Bh3+ Kb8 16. Qd2 Nf3 17. Nxf3 Bxf3 18. Rde1 Bxh1 19. Bxa7+ Kxa7 20.
Rxe7 Bxe7 21. Qe3+ Kb8 22. Qxe7 Rhf8 23. Nb5 Nd5 24. Qc5 Rfe8 25. Qa7# {Normal}
1-0

[Event "Rated Blitz game"]
[Site "?"]
[Date "2021.01.20"]
[Round "?"]
[White "MiracleEcu"]
[Black "BarashevNikita"]
[Result "1-0"]
[WhiteElo "2416"]
[BlackElo "2451"]
[PlyCount "101"]
[EventDate "2021.??.??"]
[EventType "blitz"]

1. e4 e5 2. Nf3 d5 3. d3 Nc6 4. Nc3 Bb4 5. exd5 Qxd5 6. Bd2 Bxc3 7. Bxc3 Nf6 8.
Nd2 Bg4 9. f3 Be6 10. Ne4 O-O-O 11. Qe2 Nd4 12. Bxd4 exd4 13. Nxf6 gxf6 14. b3
Qa5+ 15. Qd2 Qc5 16. O-O-O Qa3+ 17. Kb1 a5 18. Qc1 Qb4 19. Qd2 Qc5 20. Be2 Rd6
21. f4 Rb6 22. Bf3 a4 23. Kb2 Qb5 24. Rb1 c5 25. Ka1 Rd8 26. f5 axb3 27. axb3
Ra6+ 28. Kb2 Bxf5 29. Ra1 Rdd6 30. Qf4 Be6 31. Qxf6 Qb4 32. Qh8+ Kd7 33. Rxa6
Rxa6 34. Rb1 Qc3+ 35. Kc1 Bxb3 36. Bg4+ Ke7 37. Qe5+ Kf8 38. Rxb3 Ra1+ 39. Rb1
Qa3+ 40. Kd2 Rxb1 41. Qh8+ Ke7 42. Qe5+ Kf8 43. Qh8+ Ke7 44. Qe5+ Kd8 45. Qd6+
Ke8 46. Bd7+ Kd8 47. Bc6+ Kc8 48. Bd7+ Kd8 49. Be6+ Ke8 50. Qd7+ Kf8 51. Qxf7#
{Normal} 1-0

[Event "Rated Blitz game"]
[Site "?"]
[Date "2021.01.20"]
[Round "?"]
[White "Maestro99az"]
[Black "Verminat"]
[Result "1-0"]
[WhiteElo "2441"]
[BlackElo "2322"]
[PlyCount "67"]
[EventDate "2021.??.??"]
[EventType "blitz"]

1. e4 e5 2. Nf3 d5 3. exd5 e4 4. Qe2 Nf6 5. d3 Qxd5 6. Nbd2 Bc5 7. Nxe4 O-O 8.
Nxf6+ gxf6 9. Be3 Re8 10. d4 Bb4+ 11. c3 Bd6 12. Qc4 Qa5 13. Qb5 Qxb5 14. Bxb5
c6 15. Be2 Bg4 16. Nd2 Bxe2 17. Kxe2 Nd7 18. Kd3 f5 19. f3 Nf6 20. Nc4 Bc7 21.
Bd2 b5 22. Ne3 f4 23. Nf5 Rad8 24. Rae1 c5 25. Rxe8+ Nxe8 26. Re1 Nf6 27. Nh6+
Kg7 28. Ng4 Nxg4 29. fxg4 cxd4 30. cxd4 Bb6 31. Re4 Kg6 32. Bxf4 Rd5 33. Be3 a5
34. Re5 {Normal} 1-0

[Event "Rated Blitz game"]
[Site "?"]
[Date "2021.01.20"]
[Round "?"]
[White "arenal"]
[Black "Maltinho"]
[Result "0-1"]
[WhiteElo "2394"]
[BlackElo "2563"]
[PlyCount "98"]
[EventDate "2021.??.??"]
[EventType "blitz"]

1. e4 e5 2. Nf3 d5 3. Nxe5 Bd6 4. d4 dxe4 5. Be2 Bxe5 6. dxe5 Qxd1+ 7. Bxd1 Nc6
8. Bf4 Nge7 9. Nc3 Ng6 10. Bg3 Bf5 11. O-O h5 12. h3 h4 13. Bh2 Ngxe5 14. Re1
O-O-O 15. Nxe4 f6 16. a3 Rd4 17. f3 Bxe4 18. Rxe4 Rxe4 19. fxe4 Rd8 20. Bf4 b6
21. Be2 Kb7 22. Rd1 Rxd1+ 23. Bxd1 Nd4 24. Kf2 Kc6 25. Ke3 Ne6 26. Bh2 Kd6 27.
b3 c5 28. Be2 Nd4 29. Bd3 Ke6 30. Bg1 g5 31. Bf2 Ng6 32. Bc4+ Kd6 33. c3 Nc2+
34. Ke2 Nxa3 35. Bd3 Nf4+ 36. Ke3 Nxg2+ 37. Kf3 Nf4 38. Bf1 Nb1 39. Be3 Nxc3
40. Bxf4+ gxf4 41. Kxf4 a5 42. Kg4 b5 43. Kxh4 a4 44. bxa4 bxa4 45. Bc4 Nxe4
46. Kg4 Ke5 47. h4 f5+ 48. Kf3 Kd4 49. Bf7 c4 {Normal} 0-1

[Event "Rated Blitz tournament XRU6xzIt"]
[Site "?"]
[Date "2021.01.20"]
[Round "?"]
[White "Tigerscot"]
[Black "Grimlock_Glasgow"]
[Result "1-0"]
[WhiteElo "2526"]
[BlackElo "2556"]
[PlyCount "45"]
[EventDate "2021.??.??"]
[EventType "blitz"]

1. e4 e5 2. Nf3 d5 3. d3 Bd6 4. Be2 Nf6 5. Nbd2 c6 6. c3 Nbd7 7. h3 Nf8 8. Qc2
Ng6 9. Nf1 O-O 10. Ng3 Nf4 11. Kf1 Re8 12. Be3 b6 13. Nh2 dxe4 14. dxe4 Nxe2
15. Qxe2 a5 16. Kg1 Ba6 17. Qf3 Be7 18. Ng4 Nd7 19. Nf5 Nf8 20. Nfh6+ gxh6 21.
Nxh6+ Kg7 22. Qxf7+ Kh8 23. Qg8# {Normal} 1-0